| 000 | 00621cac a22001811u 4500 | ||
|---|---|---|---|
| 090 | _c9863 | ||
| 008 | 081124t 1994xxu||||| |||| 00| 0 eng d | ||
| 082 |
_a650.03 _bCOL |
||
| 100 | _a20080729 | ||
| 245 |
_aYork dictionary of business / _aP. H. Collins |
||
| 250 | _a2nd ed. | ||
| 260 |
_aLondon : _bYork Press, _c1994 |
||
| 260 | _bDistributer: Al-Ahram | ||
| 300 |
_a331p.; _b20 cm. |
||
| 650 |
_aBusiness _v Dictionaries. |
||
| 942 |
_cNB _k650.03COL _2ddc |
||
| 999 |
_c9863 _d9863 |
||